| 000 | 00625nam a2200241 4500 | ||
|---|---|---|---|
| 005 | 20161018120915.0 | ||
| 006 | 000 | ||
| 007 | 000 | ||
| 008 | 000 | ||
| 020 | _a9788122424034 | ||
| 040 | _aUOEL | ||
| 050 |
_aQD454.2 _b.S56 2009 |
||
| 100 | _aSingh, N .B. | ||
| 245 |
_aPhysical chemistry / _cby N.B. Singh, Shiva Saran Das and A.K. Singh |
||
| 250 | _aVolume II | ||
| 260 |
_aNew Age International (P) Limited, Publishers : _bNew Delhi, _cc2009. |
||
| 300 |
_axi,579p : _bill. |
||
| 500 | _aIncludes index | ||
| 650 | _aPhysical chemistry | ||
| 700 | _aShiva Saran Das | ||
| 700 | _aSingh, A. K. | ||
| 942 |
_2lcc _cSL2 |
||
| 999 |
_c12603 _d12603 |
||